| 000 | 01340nam a22002057a 4500 | ||
|---|---|---|---|
| 999 |
_c121174 _d121174 |
||
| 001 | K121174 | ||
| 008 | 160218b xxu||||| |||| 00| 0 eng d | ||
| 041 | _aeng | ||
| 110 | _aFSB Task Force on Climate-Related Financial Disclosures | ||
| 245 | _aFSB Task Force on Climate-Related Financial Decisions | ||
| 520 | _aThe FSB Task Force on Climate-related Financial Disclosures (TCFD) will develop voluntary, consistent climate-related financial risk disclosures for use by companies in providing information to investors, lenders, insurers, and other stakeholders. It will consider the physical, liability and transition risks associated with climate change and what constitutes effective financial disclosures across industries.The work and recommendations of the Task Force will help companies understand what financial markets want from disclosure in order to measure and respond to climate change risks, and encourage firms to align their disclosures with investors’ needs. Includes links to its publications, Knowledge hub and list of members. | ||
| 650 | _aClimate change | ||
| 650 | _aValue the planet | ||
| 650 | _aRisks | ||
| 650 | _aFinancial dislosures | ||
| 651 | _aInternational | ||
| 690 |
_96238 _aEnvironment |
||
| 856 |
_uhttps://www.fsb-tcfd.org/tcfd-knowledge-hub/ _zView at fsb-tcdf.org |
||
| 942 | _n0 | ||